LEADER 01257nam--2200409---450- 001 990001635810203316 005 20060213090826.0 010 $a88-430-2921-5 035 $a000163581 035 $aUSA01000163581 035 $a(ALEPH)000163581USA01 035 $a000163581 100 $a20040505d2004----km-y0enga50------ba 101 $aita 102 $aIT 105 $a||||||||001yy 200 1 $aTeatri nella rete$earti e tecniche dello spettacolo nell'era dei nuovi media$fMaia Borelli, Nicola Savarese 210 $aRoma$cCarocci$d2004 215 $a311 p.$d22 cm 225 2 $aUniversità$iSpettacolo$v524 410 0$12001$aUniversità$iSpettacolo$v524 454 1$12001 461 1$1001-------$12001 606 0 $aSistemi multimediali$xImpiego nel teatro 676 $a792.0298567 700 1$aBORELLI,$bMaia$0561388 701 1$aSAVARESE,$bNicola$0268199 801 0$aIT$bsalbc$gISBD 912 $a990001635810203316 951 $aXIII.1.B. 403(VII T 285)$b173929 L.M.$cVII T$d00136500 959 $aBK 969 $aUMA 979 $aMARIA$b10$c20040505$lUSA01$h1224 979 $aSENATORE$b90$c20050512$lUSA01$h1841 979 $aCOPAT6$b90$c20060213$lUSA01$h0908 996 $aTeatri nella rete$9943683 997 $aUNISA LEADER 01251nam0-2200385li-450- 001 990000150500203316 010 $a0-201-55441-0 035 $a0015050 035 $aUSA010015050 035 $a(ALEPH)000015050USA01 035 $a0015050 100 $a20001109d1991992-km-y0itay0103----ba 101 0 $aeng 102 $aUS 200 1 $a<> experimental approach to nonlinear dynamics and chaos$fNicholas B. Tufillaro, Tyler Abbott, Jeremiah Reilly 210 $aRedwood City (Calif.)$cAddison-Wesley$dc1992 215 $aContiene 1 floppy disk. 610 1 $aDinamica 610 1 $aTeorie nonlineari 676 $a533.2$9Dinamica (Cinetica e cinematica) 700 1$aTUFILLARO,$bNicholas B.$022252 702 1$aABBOTT,$bTyler 702 1$aREILLY,$bJeremiah 801 $aSistema bibliotecario di Ateneo dell' Università di Salerno$gRICA 912 $a990000150500203316 951 $a533.2 TUF$b0007816$c533.2 959 $aBK 969 $aTEC 979 $c19970220 979 $c20001110$lUSA01$h1712 979 $aPATTY$b90$c20020228$lUSA01$h1304 979 $c20020403$lUSA01$h1622 979 $aPATRY$b90$c20040406$lUSA01$h1611 996 $aExperimental Approach to Nonlinear Dynamics and Chaos$9135223 997 $aUNISA